| 000 | 01133nam a22002657a 4500 | ||
|---|---|---|---|
| 005 | 20240530110558.0 | ||
| 008 | 160307s2013 ua ak | b 000 0dara d | ||
| 017 |
_a20094 _bمصر . دار الكتب المصرية |
||
| 020 | _a97898773771541 | ||
| 040 | _aEG-CaGPL | ||
| 082 | 0 | 4 |
_221 _a958.827\ _bب د |
| 100 | 1 | _aبيلونة ، فيرونيكا | |
| 245 | 1 | 0 |
_aدليل عملى فى الفرنشايز : _bحق الامتياز التجارى / _cتاليف فيرونيكا بيلونة ، توماس ماتلا ؛ ترجمة رانيا محمد خليف |
| 250 | _aط1 | ||
| 260 |
_aالقاهرة : _bمجموعة النيل العربية ، _c2013 . |
||
| 300 |
_a242 ص : _bايض ؛ _c24 سم . |
||
| 504 | _aيشتمل على ارجاعات ببليوجرافية | ||
| 650 | 0 | 4 | _aالعلامات التجارية |
| 650 | 0 | 4 |
_aالعلامات التجارية _xرخص |
| 650 | 0 | 4 | _aالملكية الصناعية |
| 700 | 1 |
_aماتلا ، توماس _eمؤلف مشارك |
|
| 700 | 0 |
_aرانيا محمد خليف _eمترجم |
|
| 942 |
_2ddc _cBK |
||
| 999 |
_c62602 _d62602 |
||